000 00543nam a22002057a 4500
001 BD-DhSAU 6743
003 BD-DhSAU
005 20150513123011.0
008 150513b1948 enka|||| |||| 001 0 eng d
040 _aBD-DhSAU
082 _222
_a632
_bJAG
100 _aJary, S. G.
245 _aGood control of insect pests /
_cSidney George Jary
260 _aLondon :
_bHodder and Stoughton Limited ,
_cc1948.
300 _a216 p. :
_c18 cm.
504 _aIncludes index.
590 _aJerin
650 _aEntomology
650 _aInsect pests.
942 _2ddc
_cBOOK
999 _c6743
_d6743